00910ncm a22002295a 4500001001100000005001700011008004100028080001600069100004100085245005300126254002300179260004500202300003400247490006900281500002000350500011300370500002600483650002400509852001100533952011900544999001700663C00057318c20241029150428.0071016s1891 ddrsyb n 1 ger d a785.1.082.11 aBrahms, Johannes (d1833-1897)9766810aZweite Symphonie D dur, op. 73/ Johannes Brahms. a[Kleine Partitur]. aLeipzig : bErnst Eulenburg, c[d. 1891] aPartitura (127 p.) ; c19 cm.0 aEulenburg's kleine Orchester Partitur Ausgabe. Symphonien ; v26 aN. pl. : 11361. aFecha de publilcidad tomada de "The new Grove dictionary of music and musicians" vol. 6, Stanley Sadie 1980. aLegado Pérez Casas. aSinfonías.9144054 jM-2277 001040708MUSICAaRABASFbRABASFcDP1d2007-10-16eDl0oM-2277p1060549r2024-10-15 09:45:10w2024-10-15yPARTA c54201d54201